000 00665nam a2200229 i 4500
001 C2-0079611
003 PPAK
005 20180727083626.0
008 970429s1983 my a|||| ||||| | may d
040 _aPPAK
_beng
_cPPAK
_erda
082 0 4 _a959.5
_223
090 0 0 _a959.5
_bMAL
_dR
245 0 0 _aMalaysia:
_bbuku rasmi tahunan
264 1 _aKuala Lumpur :
_bJabatan Perkhidmatan Penerangan Malaysia ,
_c1983
300 _a[n.p.] :
_billustrations ;
_c26 cm
336 _2rdacontent
_atext
337 _2rdamedia
_aunmediated
338 _2rdacarrier
_avolume
500 _aJillid - Perpustakaan ada: 1989
650 1 0 _aMalaysia - Periodicals
942 _ddc
_cB
999 _c13641
_d13641